000 02346nam0a2200385 4500
001 RU\NLR\bibl\1386769
005 20260407083604.0
010 _a978-5-91542-019-8
_92000
021 _aRU
_b2009-34831
_92100
035 _a(nilc)RSL-KNO-004322087
035 _a(NLR Aleph) 001378829
090 _a1088886
_c1088886
100 _a20090421d2008 |||y0rusy50 ca
101 0 _arus
102 _aRU
105 _aa |||||||||
200 1 _aОхрана памятников Санкт-Петербурга. 90
_eПетроград. Ленинград. Санкт-Петербург
_eк 90-летию Комитета по государственному контролю, использованию, и охране памятников истории и культуры Санкт-Петербурга
_f[В.А. Дементьева, О.В. Таратынова, Б.М. Кириков и др.
_gредкол.: В.А. Дементьева (пред.) и др.]
210 _aСанкт-Петербург
_cПропилеи
_d2008
215 _a223 с.
_cил., цв. ил., портр., факс.
_d30
300 _aАвт. указаны на обороте тит.л.
300 _aНа авантит.: КГИОП, 1918-2008
606 1 _aПамятники истории и культуры
_xОхрана
_yСанкт-Петербург, город
_92560166
_3RU\NLR\auth\661514479
686 _aТ3(2-2СПб)л60
701 1 _aДементьева
_bВ. А.
_gВера Анатольевна
_4070
701 1 _aТаратынова
_bО. В.
_gОльга Владиславовна
_4070
701 1 _4070
_7ca
_8rus
_aКириков
_bБ. М.
_f1948-
_gБорис Михайлович
_9116345
_3RU\NLR\auth\776391
702 1 _aВеснин
_bС. А.
_gСергей А.
_4340
712 0 1 _4570
_aСанкт-Петербург
_bКомитет по государственному контролю, использованию и охране памятников истории и культуры
_9588400
_3RU\NLR\AUTH\8810044488
801 0 _aRU
_bРКП
_c20090421
801 1 _aRU
_bРГБ
_c20090421
801 2 _aRU
_bNLR
_c20090625
_grcr
942 _cBOOK
980 _aNB
981 4 3 _a(43) Тематическая подборка Санкт-Петербург
_b(43) Охрана памятников архитектуры